000 00489nam a2200169Ia 4500
005 20240528041550.0
008 240331s9999 xx 000 0 und d
020 _a8173041009
082 _bECO
_a338.9
245 0 _aEconomic development and social change in Sri Lanka :
_ba special and policy analysis
260 _aNew Delhi
_bManohar Publishers & Distributors
_c1996
300 _axi, 377 p .,
650 _aSocial
650 _aEconomic
700 _aGroves, A. Paul
_eedt
942 _cL
999 _c2794
_d2794